书目信息 |
| 题名: |
公路工程定额应用与概、预算编制示例
|
|
| 作者: | 邢凤岐 , 徐连铭 编 | |
| 分册: | ||
| 出版信息: | 北京 人民交通出版社 2008.06 |
|
| 页数: | 373页 | |
| 开本: | 26cm | |
| 丛书名: | ||
| 单 册: | ||
| 中图分类: | U415.13 | |
| 科图分类: | ||
| 主题词: | 道路工程--dao lu gong cheng--预算编制 , 道路工程--dao lu gong cheng--经济定额 , 道路工程--dao lu gong cheng--概算编制 | |
| 电子资源: | ||
| ISBN: | 978-7-114-07165-2 | |
| 000 | 01055nam0 2200265 450 | |
| 001 | 012008510417 | |
| 005 | 20101124175841.10 | |
| 010 | @a978-7-114-07165-2@dCNY45.00 | |
| 100 | @a20101129d2008 em y0chiy0120 ea | |
| 101 | 0 | @achi |
| 102 | @aCN@b110000 | |
| 105 | @aa a 000yy | |
| 200 | 1 | @a公路工程定额应用与概、预算编制示例@Agong lu gong cheng ding e ying yong yu gai、yu suan bian zhi shi li@f邢凤岐, 徐连铭编 |
| 210 | @a北京@c人民交通出版社@d2008.06 | |
| 215 | @a373页@c图@d26cm | |
| 320 | @a有书目 (第373页) | |
| 330 | @a本书共七章,主要内容包括:定额的相关知识;公路工程预算定额的应用;公路工程概算定额的应用;公路工程机械台班费用定额的应用;公路工程概预算资料的调查;公路基本建设项目概预算的编制及较全面典型的工程预算实例。 | |
| 606 | 0 | @a道路工程@Adao lu gong cheng@x预算编制 |
| 606 | 0 | @a道路工程@Adao lu gong cheng@x经济定额 |
| 606 | 0 | @a道路工程@Adao lu gong cheng@x概算编制 |
| 690 | @aU415.13@v4 | |
| 701 | 0 | @a邢凤岐@Axing feng qi@4编 |
| 701 | 0 | @a徐连铭@Axu lian ming@4编 |
| 801 | 0 | @aCN@c20101129 |
| 905 | @dU415.13@eX606 | |
| 公路工程定额应用与概、预算编制示例/邢凤岐, 徐连铭编.-北京:人民交通出版社,2008.06 |
| 373页:图;26cm |
| ISBN 978-7-114-07165-2:CNY45.00 |
| 本书共七章,主要内容包括:定额的相关知识;公路工程预算定额的应用;公路工程概算定额的应用;公路工程机械台班费用定额的应用;公路工程概预算资料的调查;公路基本建设项目概预算的编制及较全面典型的工程预算实例。 |
| ● |
| 相关链接 |
|
|
|
正题名:公路工程定额应用与概、预算编制示例
索取号:U415.13/X606
 
预约/预借
| 序号 | 登录号 | 条形码 | 馆藏地/架位号 | 状态 | 备注 |
| 1 | 1035644 | 210356443 | 自科二线504/504自科库 27排1列4层/ [索取号:U415.13/X606] | 在馆 | |
| 2 | 1035645 | 210356452 | 自科库501/501自科库 52排3列2层/ [索取号:U415.13/X606] | 在馆 | |
| 3 | 1035646 | 210356461 | 自科二线504/504自科库 27排1列4层/ [索取号:U415.13/X606] | 在馆 |